Normal view
MARC view
- OBERG, ERICK JONES, F.D
Entry Personal Name
001 - CONTROL NUMBER
- control field: 60656
003 - CONTROL NUMBER IDENTIFIER
- control field: NUST
005 - DATE AND TIME OF LATEST TRANSACTION
- control field: 20210628202608.0
008 - FIXED-LENGTH DATA ELEMENTS
- fixed length control field: 210628|| aca||aabn | a|a d
040 ## - CATALOGING SOURCE
- Original cataloging agency: NUST
- Transcribing agency: NUST
100 ## - HEADING--PERSONAL NAME
- Personal name: OBERG, ERICK JONES, F.D
670 ## - SOURCE DATA FOUND
- Source citation: Work cat.: (NUST): OBERG, ERICK JONES, F.D, MACHINERY HANDBOOK VOL-2, A REFERENCE BOOK FOR THE MECHANICAL ENGINEER'S DRAFTSMAN TOOLMAKER AND MACHINIST, 1962
